00825nam a2200241 a 450000100060000000300080000600500170001400800410003102000150007203500190008704000230010604100080012908200260013724500720016326000400023530000360027550400380031165000250034970000430037494200120041799900170042995201370044667218BD-RjUL20211209081628.0731109s1972 enka b 001 0 eng  a0471290378 a(BD-RjUL)67349 aDLCcDLCdDLCbeng aeng00223a615.329bMOL 197214aThe Molecular basis of antibiotic action /c E. F. Gale... [et al.] aLondon ;aNew York :bWiley,c1972. axviii, 456 p. :bill. ;c24 cm. aIncludes bibliographies and index 0aAntibiotics.91991321 aGale, E. F.q(Ernest Frederick)944585 2ddccBK c67218d67218 00102ddc40718NFICaRUCLbRUCLcReadingd1977-04-09eHefforsg9.00l0o615.329 MOL 1972r2017-03-22 00:00:00tC-1w2017-03-22yBK